Responses for Show #5175 - Friday, February 23, 2007

Contestants

[<< previous game]

Jim Sherman, a librarian from Los Angeles, California

Dorothy Cassetta, a teacher from Orlando, Florida

Sri Narayanan, a pediatric resident from Cleveland Heights, Ohio (whose 1-day cash winnings total $30,000)

[next game >>]

Jeopardy! Round responses

U.S. CITIES
SUPERSTITIONS
YOU'RE A BEAST!
"OVER" & "OUT"
BILLs & TEDs
EXCELLENT ADVENTURE
(Alex: Excellent.)
    $200 6
Joliet

Jim
    $200 12
a gray hair

Jim
    $200 1
red

Dorothy
    $200 11
overdraft

Jim
    $200 24
Ted Kennedy

Jim
    $200 18
(Dorothy: What is Long John Silver?)

Treasure Island

DorothyJim
    $400 7
Michigan

Jim
    $400 13
(Alex: Well, we'll accept that. We're—the more proper one is [*], but you're right.)

Friday (Sunday also accepted)

Jim
    $400 2
the king cobra

Sri
    $400 15
Outback Steakhouse

Jim
    $400 25
Ted Koppel

Jim
    $400 19
Kon-Tiki

Jim
    $600 8
Newport

Jim
    $600 14
blow out the candles

Sri
    $600 3
the Himalayas

Sri
    $600 22
overexposure

Sri
    $600 26
Bill Maher

Jim
    $600 20
Around the World in Eighty Days

Jim
    $1,000 9
(Alex: 'Dillos, short for armadillos.)

Austin

Jim
    $800 16
a champagne cork

Jim
    $800 4
the Sahara

Dorothy
    $800 23
outlaws

Dorothy
    $800 27
Ted Turner

Jim
    $800 21
the Yahoos

Sri
    $1000 10
Baltimore

Sri
    $1000 17
Macbeth

Jim
    $1000 5
the roc

Sri
    $1000 29
The Outsiders

Dorothy
    $1000 28
Bill Graham

Triple Stumper
    $1000 30
The Time Machine

Jim

Scores at the first commercial break (after clue 15):

Sri Dorothy Jim
$3,600 $1,000 $3,400

Scores at the end of the Jeopardy! Round:

Sri Dorothy Jim
$5,000 $2,600 $9,400

Double Jeopardy! Round responses

HISTORICAL LAW & ORDER PLEAS
'70s ALBUM COVERS
TOUGH SCIENCE
(Alex: Is there any other kind?)
NOT A MUSICAL INSTRUMENT
A WORK OF PHILOSOPHY
IT'S COMPLICATED
    $400 12
Brutus

Dorothy
    $400 6
Hotel California

Sri
    $400 7
galaxies

Jim
    $400 1
the eardrum

Jim
    $400 14
Apologia

Jim
    $400 29
tangled

Sri
    $800 22
Jack Ruby

Sri
    $800 9
(Jim: What is Bruce Springsteen?)
...
(Alex: You gave us the performer instead of the title of the album.)

Born to Run

DorothyJim
    $800 8
magnesium

Dorothy
    $800 2
the Bermuda Triangle

Dorothy
    $800 15
Government

Jim
    $800 26
(Jim: What is a snare?)
(Sri: What is a tackle box?)
(Alex: No. But you were getting closer. What is [*]?)

a can of worms

SriJim
Triple Stumper
    $1200 23
John Wilkes Booth

Dorothy
    $1200 10
Houses of the Holy

Dorothy
    $1200 18
the West Nile Virus

Jim
    $1200 3
Monticello

Jim
    $1200 16
The Antichrist

Triple Stumper
    $1200 27
a complex carbohydrate

Sri
    $1600 24
(Jim: Who is Galvrillo Princip?)
[Originally ruled correct; reviewed and reversed before the second Daily Double]

Gavrilo Princip

Jim
Triple Stumper
    $1600 11
Sticky Fingers

Jim
    $2,000 20
(Jim: Who is--who is Fermi?)
(Alex: No. Who is [*]? Hence the [*] Livermore Lab.)

(Ernest Orlando) Lawrence

Jim
    $1600 4
a flute

Dorothy
    $1600 17
thoughts

Sri
    $7,000 28
labyrinthine

Sri
    $2000 25
(Dorothy: Who is Garfield?)

Charles Guiteau

DorothyJim
    $2000 13
London Calling

Jim
    $2000 21
(Jim: What is the stratosphere?)

the troposphere

DorothyJim
    $2000 5
Brian Piccolo

Dorothy
    $2000 19
Hegel

Jim
    $2000 30
tortuous & torturous

Triple Stumper

Scores at the end of the Double Jeopardy! Round:

Sri Dorothy Jim
$15,600 $11,400 $14,200

[wagering suggestions for these scores]

Final Jeopardy! Round responses

LITERATURE
(Alex: [Revealing Dorothy's response] You're right, the autobiography of a horse.)
...
(Alex: [Revealing Jim's response] Looks like you probably wrote the names of three very special women in your life.)
(Jim: Yep, that's right.)
(Alex: Your daughters?)
(Jim: My wife and daughters.)
DorothyWhat is Black Beauty?
$1,400
JimWhat is Jayme, Isabel Lillian
$0
SriWhat is "Black Beauty"?
$14,400
Black Beauty

Final scores:

Sri Dorothy Jim
$30,000 $12,800 $14,200
2-day champion: $60,000 3rd place: $1,000 2nd place: $2,000

Game dynamics:

Coryat scores:

Sri Dorothy Jim
$10,200 $11,400 $16,000
13 R
(including 1 DD),
1 W
13 R,
2 W
28 R
(including 1 DD),
5 W
(including 1 DD)

Combined Coryat: $37,600

[game clues] [game scores] [suggest correction]

Game tape date: 2006-11-29
The J! Archive is created by fans, for fans. Scraping, republication, monetization, and malicious use prohibited; this site may use cookies and collect identifying information. See terms. The Jeopardy! game show and all elements thereof, including but not limited to copyright and trademark thereto, are the property of Jeopardy Productions, Inc. and are protected under law. This website is not affiliated with, sponsored by, or operated by Jeopardy Productions, Inc. Join the discussion at JBoard.tv.